000 00310nam a22001337a 4500
008 210225b ||||| |||| 00| 0 eng d
020 _a2900393922461
041 _aeng
080 _213th
_a94
100 _a16
101 _aSHH
245 _aAmerican Government Power And Purpose
_cLowi,J.T
942 _2udc
_cBK
999 _c55217
_d55217